书目信息 |
| 题名: |
MAYA材质
|
|
| 作者: | 房海山 , 李甫 主编 ;完美动力 编著 | |
| 分册: | ||
| 出版信息: | 北京 海洋出版社 2012 |
|
| 页数: | 14,262页 | |
| 开本: | 29cm | |
| 丛书名: | ||
| 单 册: | ||
| 中图分类: | TP391.414 | |
| 科图分类: | ||
| 主题词: | 三维动画软件--教材 , 三维动画软件 | |
| 电子资源: | ||
| ISBN: | 978-7-5027-8267-2 | |
| 000 | 01181nam0 2200313 450 | |
| 001 | 140996 | |
| 005 | 20160111083251.14 | |
| 010 | @a978-7-5027-8267-2@b光盘@dRMB 95.00 | |
| 100 | @a20120815d2012 em y0chiy50 ea | |
| 101 | 0 | @achi |
| 102 | @aCN@b110000 | |
| 105 | @aa z 000yy | |
| 200 | 1 | @aMAYA材质@AMAYA cai zhi@b专著@e完美动力影视动画课程实录@f房海山,李甫主编@g完美动力编著 |
| 210 | @a北京@c海洋出版社@d2012 | |
| 215 | @a14,262页@c图@d29cm@e2光盘 | |
| 300 | @a全国影视动画专业人才开发培训系列教材 | |
| 304 | @a中国国际人才开发中心组编 | |
| 307 | @a附光盘:ISBN 978-7-900263-37-7 | |
| 330 | @a本书分为寻找光与材质世界的钥匙、进入迷幻般的材质世界两篇。内容包括:走进光彩的奇幻世界、熟悉手中的法宝——材质面板应用、体验质感的魅力——认识UV及贴图等。 | |
| 517 | 1 | @a完美动力影视动画课程实录@Awan mei dong li ying shi dong hua ke cheng shi lu |
| 606 | 0 | @a三维动画软件@j教材 |
| 606 | 0 | @a三维动画软件 |
| 610 | 0 | @aMaya |
| 690 | @aTP391.414@v5 | |
| 701 | 0 | @a房海山@Afang hai shan@c(电脑动画制作)@4主编 |
| 701 | 0 | @a李甫@Ali fu@c(电脑动画制作)@4主编 |
| 712 | 02 | @a完美动力@Awan mei dong li@4编著 |
| 801 | 0 | @c20140930 |
| 905 | @a241430@dTP391.414@eF288 | |
| MAYA材质:完美动力影视动画课程实录/房海山,李甫主编/完美动力编著.-北京:海洋出版社,2012 |
| 14,262页:图;29cm+2光盘 |
| 全国影视动画专业人才开发培训系列教材 |
| ISBN 978-7-5027-8267-2(光盘):RMB 95.00 |
| 本书分为寻找光与材质世界的钥匙、进入迷幻般的材质世界两篇。内容包括:走进光彩的奇幻世界、熟悉手中的法宝——材质面板应用、体验质感的魅力——认识UV及贴图等。 |
| ● |
| 相关链接 |
|
|
|
正题名:MAYA材质
索取号:TP391.414/F288
 
预约/预借
| 序号 | 登录号 | 条形码 | 馆藏地/架位号 | 状态 | 备注 |
| 1 | 0836622 | 208366221 | 自科库301/301自科库 107排1列4层/ [索取号:TP391.414/F288] | 在馆 | |
| 2 | 0836623 | 208366230 | 期刊室512/301自科库 97排1列4层/ [索取号:TP391.414/F288] | 在馆 | |
| 3 | 0836624 | 208366249 | 自科二线400A/400A自科库 5排2列4层/ [索取号:TP391.414/F288] | 在馆 | |
| 4 | 1235510 | 212355100 | 计算机与数据科学学院资料室/ [索取号:TP391.414/F288] | 在馆 | |
| 5 | 1235524 | 212355244 | 计算机与数据科学学院资料室/ [索取号:TP391.414/F288] | 在馆 |